Responses for Show #2378 - Wednesday, December 28, 1994

Contestants

[<< previous game]

Will Webster, an attorney originally from Decatur, Alabama

Arlene Goldberg, a language coordinator from Staten Island, New York

Pat Farrior, a postal worker from Pensacola, Florida (whose 1-day cash winnings total $5,399)

[next game >>]

Jeopardy! Round responses

AMERICAN HISTORY
THE FUNNIES
FOOD & DRINK
BIOLOGY
FLAGS
RULES FROM EXODUS
    $100 2
the Wright brothers

Arlene
    $100 1
"B.C."

Will
    $100 16
(Pat: What are clams?)

crabs

PatArlene
    $100 8
the heart

Will
    $100 12
Gibraltar

Will
    $100 11
"vain"

Will
    $200 3
(Arlene: What was the battle of [*]?)

Lexington, Concord

Arlene
    $200 5
"Buck Rogers"

Will
    $200 18
bitters

Pat
    $200 22
skeleton

Will
    $200 23
George Washington

Will
    $200 13
mother and father

Arlene
    $300 4
Davy Crockett

Pat
    $300 9
(Alex: Baby Dumpling grew up to be Alexander in the [*] strip.)

"Blondie"

Triple Stumper
    $300 19
(Pat: What is beer?)

cheese

Pat
Triple Stumper
    $300 27
(Will: What is a virus?)

a bacteria

PatWill
    $300 24
the Star of David

Will
    $300 14
"false witness"

Pat
    $400 6
1 of (want, speech, religion, or fear)

Arlene
    $400 10
William Randolph Hearst

Triple Stumper
    $400 20
cruller

Arlene
    $400 28
the esophagus

Will
    $400 25
(Arlene: What is "Dont Tread on Me"?)
...
(Alex: "Dont Tread on Me" goes back to the Revolutionary War; [*] were the words uttered by Mr. Lawrence.)

"Don't Give Up the Ship"

Arlene
Triple Stumper
    $400 17
unleavened

Pat
    $500 7
(Pat: Who was John Jay?)
...
(Alex: [*] was the Virginian, John Jay was the New Yorker. Arlene, back to you.)

(James) Madison

PatArlene
    $500 15
"Cathy"

Pat
    $500 30
beef bourguignon

Will
    $500 29
syphilis

Triple Stumper
    $400 26
the Organization of American States

Will
    $500 21
bribe (or gift)

Triple Stumper

Scores at the first commercial break (after clue 15):

Pat Arlene Will
$600 $1,400 $600

Scores at the end of the Jeopardy! Round:

Pat Arlene Will
$1,100 $1,500 $2,300

Double Jeopardy! Round responses

1993
PARKS
OPERA
THE 7 ANCIENT WONDERS
LITERATURE
POT LUCK
    $200 6
Indy 500

Arlene
    $200 21
Alaska

Arlene
    $200 1
the Pyramids (of Egypt)

Will
    $200 7
"Don Quixote"

Pat
    $200 12
the eucalyptus

Will
    $400 17
(Pat: What is Libya?)

Iraq

Pat
Triple Stumper
    $400 22
the Carlsbad Caverns

Will
    $400 2
Alexander (the Great)

Pat
    $400 8
(Samuel) Beckett

Will
    $400 13
"The Grand Ole Opry"

Pat
    $600 18
(Pat: Who was Jesse Helms?)
(Will: Who was Oliver North?)
...
(Alex: The Senator's name was [*], but I'd love to read Jesse Helms' diary as well.)
[laughter]

Robert Packwood

PatWill
Triple Stumper
    $600 24
(Edvard) Grieg

Pat
    $600 3
the Colossus of Rhodes

Will
    $600 9
(Percy) Shelley

Pat
    $600 14
Paul (of Tarsus)

Will
    $800 19
Attorney General

Arlene
    $800 23
(Will: What is Argentina?)
(Pat: What is South Africa?)

Chile

PatArleneWill
    $800 25
Ezio

Pat
    $1,000 4
(Alex: Arlene was going to ring in on that, but it was a Daily Double, and Will was the only who was going to get to respond, Arlene. Will, pick again.)

the Hanging Gardens of Babylon

Will
    $800 10
(Geoffrey) Chaucer

Arlene
    $800 15
(Eero) Saarinen

Pat
    $1000 20
(Alex: We have less than a minute to go, Arlene.)

Maastricht Treaty

Triple Stumper
    $1000 26
[The end-of-round signal sounds.]

Rome

Triple Stumper
    $1000 5
(Arlene: What was the Colossus of Rhodes?)
(Pat: What was the Statue of Zeus?)

the Pharos at Alexandria

PatArlene
Triple Stumper
    $1000 11
Graham Greene

Pat
    $1000 16
(Samuel) Gompers

Arlene

Scores at the end of the Double Jeopardy! Round:

Pat Arlene Will
$3,100 $4,300 $4,300

[wagering suggestions for these scores]

Final Jeopardy! Round responses

ETYMOLOGY
(Alex: Boy, is that frightening?)
(Alex: [To Arlene] You write very very tiny letters, but correct ones.)
...
(Alex: [To Will] Will Webster wrote something down, crossed it out, and wrote something else in there. Let's take a look and see what happened. He wrote down [*], and if he risked more than $2,300, he will be the new Jeopardy! champion. His wager was $2,000. Not enough.)
PatWhat is a calculator?
$3,099
ArleneWhat is a computer?
$2,300
WillWhat is a calculator computer?
$2,000
a computer

Final scores:

Pat Arlene Will
$1 $6,600 $6,300
3rd place: DeLonghi espresso/cappuccino maker + Jeopardy! Sports Edition video game + Jeopardy! '92 home game New champion: $6,600 + Jeopardy! Sports Edition video game + Jeopardy! '92 home game 2nd place: a New Home Memory Craft 8000 sewing machine + a Hoover Steam Vac + Jeopardy! Sports Edition video game + Jeopardy! '92 home game

Game dynamics:

Coryat scores:

Pat Arlene Will
$3,100 $4,300 $4,200
14 R,
7 W
13 R,
2 W
18 R
(including 2 DDs),
3 W

Combined Coryat: $11,600

[game clues] [game scores] [suggest correction]

Game tape date: 1994-10-18
The J! Archive is created by fans, for fans. Scraping, republication, monetization, and malicious use prohibited; this site may use cookies and collect identifying information. See terms. The Jeopardy! game show and all elements thereof, including but not limited to copyright and trademark thereto, are the property of Jeopardy Productions, Inc. and are protected under law. This website is not affiliated with, sponsored by, or operated by Jeopardy Productions, Inc. Join the discussion at JBoard.tv.